|
|
|
|
| LEADER |
00911pam a22002178a 4500 |
| 001 |
00015991 |
| 005 |
20171026081022.0 |
| 008 |
110401s2003 ||||||Viesd |
| 041 |
0 |
# |
|a Vie
|
| 082 |
1 |
4 |
|a 303.44
|b B450T
|
| 110 |
1 |
# |
|a Viện thông tin khoa học xã hội
|
| 245 |
0 |
0 |
|a Bộ tài liệu về quốc tế, toàn cấu, toàn cầu hóa
|
| 260 |
# |
# |
|a H.
|b Viện thông tin khoa học xã hội
|c 2003
|
| 300 |
# |
# |
|a 452 tr.
|c 26 cm.
|
| 500 |
# |
# |
|a 22 tài liệu
|
| 653 |
# |
# |
|a quốc tế
|a toàn cầu hóa
|a phát triển
|a ngoại thương
|a đối ngoại
|
| 852 |
# |
# |
|b Kho mượn
|j KM.0001057, KM.0001058, KM.0001059, KM.0001060
|
| 852 |
# |
# |
|b Kho đọc
|j KD.0001376
|
| 852 |
# |
# |
|j KD.0001376
|j KM.0001057
|j KM.0001058
|j KM.0001060
|j KM.0001059
|
| 910 |
|
|
|d 01/04/2011
|
| 980 |
# |
# |
|a Trung tâm Học liệu Lê Vũ Hùng, Trường Đại học Đồng Tháp
|